Nennen Sie die Formel-1-Weltmeister der letzten 25 Jahre - Statistiken

Allgemein
  • Dieses Quiz wurde 115 mal gespielt
  • Das Durchschnittsergebnis liegt bei 23 aus 25
Antwortstatistiken
Hint Antwort % Korrekt
2024 Max Verstappen
98%
2023 Max Verstappen
98%
2022 Max Verstappen
98%
2021 Max Verstappen
98%
2020 Lewis Hamilton
93%
2019 Lewis Hamilton
93%
2018 Lewis Hamilton
93%
2017 Lewis Hamilton
93%
2015 Lewis Hamilton
93%
2014 Lewis Hamilton
93%
2008 Lewis Hamilton
93%
2013 Sebastian Vettel
93%
2012 Sebastian Vettel
93%
2011 Sebastian Vettel
93%
2010 Sebastian Vettel
93%
2016 Nico Rosberg
92%
2004 Michael Schumacher
91%
2003 Michael Schumacher
91%
2002 Michael Schumacher
91%
2001 Michael Schumacher
91%
2000 Michael Schumacher
91%
2006 Fernando Alonso
87%
2005 Fernando Alonso
87%
2009 Jenson Button
76%
2007 Kimi Räikkönen
74%
Keine übereinstimmenden Quizze gefunden
Verteilung der Resultate
Anzahl Personen mit jedem Resultat
Perzentil nach korrekt beantworteten Fragen
Ihre Resultats-Entwicklung
Sie haben dieses Quiz noch nicht gespielt